Góp phần nghiên cứu văn minh và nghệ thuật của Vương quốc cổ Champa tại miền Trung Việt Nam : Nghiên cứu, giới thiệu
Tìm hiểu về lịch sử nghệ thuật của kiến trúc và điêu khắc đền, tháp Champa, tìm hiểu cấu trúc kinh tế - xã hội của vương quốc cổ Champa bằng tiếp cận nhân học và khảo cổ học cảnh quan
Guardat en:
| Autor principal: | |
|---|---|
| Format: | Llibre |
| Idioma: | Undetermined |
| Publicat: |
Hà Nội
Hội nhà văn
2019
|
| Matèries: | |
| Etiquetes: |
Afegir etiqueta
Sense etiquetes, Sigues el primer a etiquetar aquest registre!
|
| Thư viện lưu trữ: | Trung tâm Học liệu Trường Đại học Cần Thơ |
|---|
| LEADER | 01030nam a2200217Ia 4500 | ||
|---|---|---|---|
| 001 | CTU_239996 | ||
| 008 | 210402s9999 xx 000 0 und d | ||
| 082 | |a 305.89597 | ||
| 082 | |b Ph561 | ||
| 100 | |a Trần, Kỳ Phương | ||
| 245 | 0 | |a Góp phần nghiên cứu văn minh và nghệ thuật của Vương quốc cổ Champa tại miền Trung Việt Nam : | |
| 245 | 0 | |b Nghiên cứu, giới thiệu | |
| 245 | 0 | |c Trần Kỳ Phương | |
| 260 | |a Hà Nội | ||
| 260 | |b Hội nhà văn | ||
| 260 | |c 2019 | ||
| 520 | |a Tìm hiểu về lịch sử nghệ thuật của kiến trúc và điêu khắc đền, tháp Champa, tìm hiểu cấu trúc kinh tế - xã hội của vương quốc cổ Champa bằng tiếp cận nhân học và khảo cổ học cảnh quan | ||
| 650 | |a Dân tộc học,Ethnology | ||
| 650 | |z Việt Nam,Vietnam | ||
| 910 | |b nthai | ||
| 980 | |a Trung tâm Học liệu Trường Đại học Cần Thơ | ||